| 000 | 01609nam a22004217a 4500 | ||
|---|---|---|---|
| 003 | CHAP | ||
| 005 | 20220817043758.0 | ||
| 008 | 010614d2001 mx ad r 00110 spa d | ||
| 010 | _a84192 | ||
| 011 | _a85164 | ||
| 035 | _a95695 | ||
| 040 | _cCHAP | ||
| 090 | _aFolleto 16227 | ||
| 100 | 0 | 0 |
_aCampos Rojas, Eduardo. _918135 |
| 245 | 1 | 0 |
_aProducción forzada en el subtropico _c/por Eduardo Campos Rojas, Ma. de la Cruz Espíndola Barquera y Rodolfo B. Muñoz Pérez |
| 260 |
_aCoatepec, Harinas : _bFundación Salvador Sánchez Colín CICTAMEX, S.C., _c2001 |
||
| 300 |
_a38 p. : _bilus. ; cuadros |
||
| 410 | 2 | 1 |
_aFundación Salvador Sánchez Colín. CICTAMEX _v; 328 |
| 590 |
_aBATCH-UPD _b10 _c20130110 _lUCH01 _h0103 |
||
| 590 |
_aBATCH-UPD _b10 _c20130110 _lUCH01 _h0836 |
||
| 590 |
_aBATCH-UPD _b10 _c20130409 _lUCH01 _h2053 |
||
| 590 |
_aBATCH-UPD _b10 _c20130410 _lUCH01 _h0515 |
||
| 590 |
_aBATCH-UPD _b10 _c20130913 _lUCH01 _h2357 |
||
| 590 |
_aCONVERSION _b10 _c20130109 _lUCH01 _h1347 |
||
| 650 | 1 | 1 |
_aCultivos _xRendimiento _930318 |
| 650 | 1 | 4 |
_aAgricultura _xTrópicos. _91888 |
| 650 | 1 | 4 | _aArboles frutales. |
| 650 | 1 | 4 |
_aFruticultura _xTrópicos. _943755 |
| 650 | 1 | 4 |
_aOferta y demanda. _982790 |
| 700 | 0 |
_aEspíndola Barquera, María de la Cruz. _938122 |
|
| 700 | 0 |
_aMuñoz Pérez, Rodolfo Bernardo. _979659 |
|
| 810 | 2 | 1 |
_aFundación Salvador Sánchez Colín. CICTAMEX _v; 328 |
| 901 | _aBK | ||
| 905 | _aMarco A. Mendoza T. | ||
| 942 | _cFOLL | ||
| 949 |
_aFolleto 16227 _bBC _cFOLL _d33724002017149 _eTS1 _i95695 _sb |
||
| 949 |
_aFolleto 16227 _bBC _cFOLL _d33724002017181 _eTS2 _fc.2 _i95695 _si |
||
| 999 |
_c84192 _d84192 |
||